000 00577nam a2200217Ia 4500
005 20250508154027.0
008 008 250505s9999 xx 000 0 eng d
037 _aTextBook
040 _aFEDL
_beng
_cFEDL
041 _aeng
_2eng
084 _a371.3, SMI
_qFEDL
100 _aSmith Samuel
_9764893
245 0 _aBest methods of study
250 _a3
260 _aNew York, USA
_bBarnes and Noble
_c1958
300 _axi,132p
365 _aINR
_b5.25
650 _aEducation; Study Method
_9764894
942 _cTB
_h371.3, SMI
999 _c1347137
_d1347137